<?xml version="1.0" encoding="UTF-8"?>
<record
    xmlns:xsi="http://www.w3.org/2001/XMLSchema-instance"
    xsi:schemaLocation="http://www.loc.gov/MARC21/slim http://www.loc.gov/standards/marcxml/schema/MARC21slim.xsd"
    xmlns="http://www.loc.gov/MARC21/slim">

  <leader>04414cam a22005177a 4500</leader>
  <controlfield tag="003">CUTN</controlfield>
  <controlfield tag="005">20250226174144.0</controlfield>
  <controlfield tag="008">130610s2014    ii ab    b    000 0 eng d</controlfield>
  <datafield tag="020" ind1=" " ind2=" ">
    <subfield code="a">9788132239901</subfield>
  </datafield>
  <datafield tag="020" ind1=" " ind2=" ">
    <subfield code="z">9788132212751 (ebook)</subfield>
  </datafield>
  <datafield tag="041" ind1=" " ind2=" ">
    <subfield code="a">English</subfield>
  </datafield>
  <datafield tag="042" ind1=" " ind2=" ">
    <subfield code="a">lccopycat</subfield>
  </datafield>
  <datafield tag="082" ind1="0" ind2="4">
    <subfield code="a">658.408</subfield>
    <subfield code="2">23</subfield>
    <subfield code="b">SHA</subfield>
  </datafield>
  <datafield tag="100" ind1="1" ind2=" ">
    <subfield code="a">Shah, Shashank,</subfield>
  </datafield>
  <datafield tag="100" ind1="1" ind2=" ">
    <subfield code="e">author.</subfield>
  </datafield>
  <datafield tag="245" ind1="1" ind2="0">
    <subfield code="a">Soulful corporations :</subfield>
    <subfield code="b">a values-based perspective on corporate social responsibility /</subfield>
    <subfield code="c">Shashank Shah, V.E. Ramamoorthy.</subfield>
  </datafield>
  <datafield tag="260" ind1=" " ind2=" ">
    <subfield code="a">New Delhi : </subfield>
    <subfield code="b">Springer, </subfield>
    <subfield code="c">2024.</subfield>
  </datafield>
  <datafield tag="300" ind1=" " ind2=" ">
    <subfield code="a">lxvi, 608 pages :</subfield>
    <subfield code="b">illustrations, maps ;</subfield>
    <subfield code="c">24 cm.</subfield>
  </datafield>
  <datafield tag="490" ind1="1" ind2=" ">
    <subfield code="a">India studies in business and economics</subfield>
  </datafield>
  <datafield tag="504" ind1=" " ind2=" ">
    <subfield code="a">Includes bibliographical references (pages 601-608).</subfield>
  </datafield>
  <datafield tag="505" ind1="0" ind2=" ">
    <subfield code="a">The world today: Paradoxes galore -- Corporate misdemeanour: the business of business is business? -- Redefining globalisation: is a better world possible? -- Coping with globalisation: a quarter century of efforts -- Business responsibility through the ages: a journey from scriptural insights, with noble philanthropists, to committed institutions and leaders -- corporate social responsibility: can companies make a difference? -- Corporate social responsibility: the Indian story comes a full circle -- Corporate citizenship: how can companies be good citizens? -- Socially responsible investing: investors role in promoting Corporate citizenship -- Corporate citizens at work: an introduction -- Case study 1: Bharat petroleum corporation Ltd. -- Case study 2: HDFC Bank Ltd. -- Case study 3: Hindustan unilever Ltd. -- Case Study 4: Larsen &amp; Toubro Ltd. -- Case study 5: Reliance Industries Ltd. -- Case study 6: Tata group -- Case study 7: tvs motor company Ltd. -- Case study 8: Wipro Ltd. -- Society and local community welfare framework -- Integrating individual social responsibility in a corporate framework: The SAI way -- Uncovering the Corporate Soul: A Roadmap for Affirmative Action.</subfield>
  </datafield>
  <datafield tag="520" ind1=" " ind2=" ">
    <subfield code="a">Corporate debacles, financial and economic crises and environmental disasters in different parts of the globe over the last two decades are seen as indicators for a transformation in business conduct by scholars and practitioners alike. A need for corporate goals to move on from simply maximizing shareholder profit to optimizing stakeholder welfare is being echoed in various quarters. Upon this backdrop, this book shows how Corporate Social Responsibility (CSR) can be a means for global unity and universal welfare and how corporations, as associations of individuals, can identify their collective spirits in terms of environmentally aware, socially responsible and financially rewarding missions and goals. The book examines CSR from an altruistic viewpoint rather than as a strategic tool, where the quality of initiatives and the welfare they create are more important than the simple amount of work done. It traces the evolution of CSR in the Indian and international contexts, yet provides a unique approach to CSR based on Indian traditions, culture and value systems, which are universal in their appeal and timeless in their application. It includes several case studies on CSR and environmental best practices, covering both Indian and international companies that have moulded and influenced the corporate landscape.</subfield>
  </datafield>
  <datafield tag="650" ind1=" " ind2="0">
    <subfield code="a">Social responsibility of business.</subfield>
  </datafield>
  <datafield tag="650" ind1=" " ind2="0">
    <subfield code="a">Business ethics.</subfield>
  </datafield>
  <datafield tag="650" ind1="1" ind2="4">
    <subfield code="a">Economics/Management Science.</subfield>
  </datafield>
  <datafield tag="650" ind1="2" ind2="4">
    <subfield code="a">Public Finance &amp; Economics.</subfield>
  </datafield>
  <datafield tag="650" ind1="2" ind2="4">
    <subfield code="a">Emerging Markets/Globalization.</subfield>
  </datafield>
  <datafield tag="650" ind1=" " ind2="7">
    <subfield code="a">BUSINESS &amp; ECONOMICS / Industrial Management</subfield>
  </datafield>
  <datafield tag="650" ind1=" " ind2="7">
    <subfield code="a">BUSINESS &amp; ECONOMICS / Management</subfield>
  </datafield>
  <datafield tag="650" ind1=" " ind2="7">
    <subfield code="a">BUSINESS &amp; ECONOMICS / Management Science</subfield>
  </datafield>
  <datafield tag="650" ind1=" " ind2="7">
    <subfield code="2">bisacsh</subfield>
    <subfield code="9">4</subfield>
  </datafield>
  <datafield tag="650" ind1=" " ind2="7">
    <subfield code="2">bisacsh</subfield>
    <subfield code="9">4</subfield>
  </datafield>
  <datafield tag="650" ind1=" " ind2="7">
    <subfield code="2">bisacsh</subfield>
    <subfield code="9">4</subfield>
  </datafield>
  <datafield tag="700" ind1="1" ind2=" ">
    <subfield code="a">Ramamoorthy, V.E.,</subfield>
  </datafield>
  <datafield tag="700" ind1="1" ind2=" ">
    <subfield code="e">author.</subfield>
  </datafield>
  <datafield tag="830" ind1=" " ind2="0">
    <subfield code="a">India studies in business and economics.</subfield>
  </datafield>
  <datafield tag="856" ind1="4" ind2="2">
    <subfield code="u">http://www.loc.gov/catdir/enhancements/fy1407/2013942480-d.html</subfield>
  </datafield>
  <datafield tag="856" ind1="4" ind2="1">
    <subfield code="u">http://www.loc.gov/catdir/enhancements/fy1407/2013942480-t.html</subfield>
  </datafield>
  <datafield tag="856" ind1="4" ind2="2">
    <subfield code="u">http://www.loc.gov/catdir/enhancements/fy1407/2013942480-b.html</subfield>
  </datafield>
  <datafield tag="856" ind1="4" ind2="2">
    <subfield code="3">Publisher description</subfield>
  </datafield>
  <datafield tag="856" ind1="4" ind2="1">
    <subfield code="3">Table of contents only</subfield>
  </datafield>
  <datafield tag="856" ind1="4" ind2="2">
    <subfield code="3">Contributor biographical information</subfield>
  </datafield>
  <datafield tag="906" ind1=" " ind2=" ">
    <subfield code="a">7</subfield>
    <subfield code="b">cbc</subfield>
    <subfield code="c">copycat</subfield>
    <subfield code="d">2</subfield>
    <subfield code="e">ncip</subfield>
    <subfield code="f">20</subfield>
    <subfield code="g">y-gencatlg</subfield>
  </datafield>
  <datafield tag="942" ind1=" " ind2=" ">
    <subfield code="2">ddc</subfield>
    <subfield code="c">BOOKS</subfield>
  </datafield>
  <datafield tag="999" ind1=" " ind2=" ">
    <subfield code="c">44071</subfield>
    <subfield code="d">44071</subfield>
  </datafield>
  <datafield tag="952" ind1=" " ind2=" ">
    <subfield code="0">0</subfield>
    <subfield code="1">0</subfield>
    <subfield code="2">ddc</subfield>
    <subfield code="4">0</subfield>
    <subfield code="7">0</subfield>
    <subfield code="8">NFIC</subfield>
    <subfield code="a">CUTN</subfield>
    <subfield code="b">CUTN</subfield>
    <subfield code="c">600</subfield>
    <subfield code="d">2025-02-26</subfield>
    <subfield code="l">0</subfield>
    <subfield code="o">658.408 SHA</subfield>
    <subfield code="p">51810</subfield>
    <subfield code="r">2025-02-26 17:42:05</subfield>
    <subfield code="w">2025-02-26</subfield>
    <subfield code="y">BOOKS</subfield>
  </datafield>
</record>
